The noble scholar, jurist, historian


 His Excellency Dr. Abdul Wahhab bin Ibrahim Abu Sulaiman, may Allah have mercy on him.


 He was born in Umm Al-Qura in the year 1356 AH.

مرآة الزمان في تاريخ الأعيان / (Record no. 174)

MARC details
000 -LEADER
fixed length control field 01267cam a2200253 i 4500
003 - CONTROL NUMBER IDENTIFIER
control field SA-RiAUC
005 - DATE AND TIME OF LATEST TRANSACTION
control field 20240914102950.0
008 - FIXED-LENGTH DATA ELEMENTS--GENERAL INFORMATION
fixed length control field 240910s1987 su g 000r0dara c
040 ## - CATALOGING SOURCE
Original cataloging agency SA-RiAUC
Language of cataloging ara
Transcribing agency SA-RiAUC
Description conventions rda
043 ## - GEOGRAPHIC AREA CODE
Geographic area code ma-----
082 04 - DEWEY DECIMAL CLASSIFICATION NUMBER
Classification number 953
Item number س ب ط
100 1# - MAIN ENTRY--PERSONAL NAME
Personal name سبط ابن الجوزي، يوسف بن قزأوغلي بن عبد الله،
Dates associated with a name 581-654 هجري
Relator term مؤلف.
245 10 - TITLE STATEMENT
Title مرآة الزمان في تاريخ الأعيان /
Statement of responsibility, etc. تصنيف شمس الدين أبي المظفر يوسف بن قزاوغلي التركي الشهير بسبط بن الجوزي ؛ تحقيق مسفر بن سالم بن عريج الغامدي.
246 30 - VARYING FORM OF TITLE
Title proper/short title تاريخ الأعيان
264 #1 - PRODUCTION, PUBLICATION, DISTRIBUTION, MANUFACTURE, AND COPYRIGHT NOTICE
Place of production, publication, distribution, manufacture مكة المكرمة :
Name of producer, publisher, distributor, manufacturer جامعة أم القرى، مركز إحياء التراث الإسلامي،
Date of production, publication, distribution, manufacture, or copyright notice [1987]
300 ## - PHYSICAL DESCRIPTION
Extent 2 مجلد ؛
Dimensions 24 سم
336 ## - CONTENT TYPE
Content type term نص
Content type code txt
Source rdacontent
Materials specified كتاب
337 ## - MEDIA TYPE
Media type term بدون وسيط
Media type code n
Source rdamedia
338 ## - CARRIER TYPE
Carrier type term مجلد
Carrier type code nc
Source rdacarrier
651 #7 - SUBJECT ADDED ENTRY--GEOGRAPHIC NAME
Geographic name البلاد العربية
General subdivision تاريخ
Chronological subdivision العصر العباسي، 750-1258.
Source of heading or term aucsh
700 1# - ADDED ENTRY--PERSONAL NAME
Personal name الغامدي، مسفر سالم مسفر،
Dates associated with a name 1369 هجري-
Relator term محقق.
942 ## - ADDED ENTRY ELEMENTS (KOHA)
Source of classification or shelving scheme Dewey Decimal Classification
Koha item type Books
949 ## - LOCAL PROCESSING INFORMATION (OCLC)
a SA-JeALM
d 240910
u mohamedma123
n 1
Holdings
Withdrawn status Lost status Source of classification or shelving scheme Materials specified (bound volume or other part) Damaged status Not for loan Home library Current library Date acquired Total checkouts Full call number Barcode Date last seen Price effective from Koha item type
    Dewey Decimal Classification المجلد الاول     DR AbdElwahab Library DR AbdElwahab Library 09/14/2024   953 س ب ط 000000286 09/14/2024 09/14/2024 Books
    Dewey Decimal Classification المجلد الثاني     DR AbdElwahab Library DR AbdElwahab Library 08/16/2025   953 س ب ط 000017624 08/16/2025 08/16/2025 Books